Statistiques concernant Intercommunalités du Nord

Cliquez ici pour prendre le quiz!

Statistiques générales

  • Ce quiz a été pris 22 fois
  • Le résultat moyen est 7 sur 17

Statistiques - réponses

Nombres de CommunesIntercommunalités% Correct
95Métropole européenne de Lille
100%
17Communauté urbaine de Dunkerque
86%
35Communauté d'agglomération Valenciennes Métropole
82%
55Communauté d'agglomération de Cambrai
68%
35Douaisis Agglo
68%
43Communauté d'agglomération Maubeuge Val de Sambre
59%
50Cœur de Flandre Agglo
45%
43Communauté de communes du Cœur de l'Avesnois
45%
12Communauté de communes du Sud Avesnois
27%
38Communauté de communes Pévèle Carembault
27%
40Communauté de communes des Hauts de Flandre
23%
53Communauté de communes du Pays de Mormal
18%
20Communauté de communes Cœur d'Ostrevent
14%
47Communauté d'agglomération de la Porte du Hainaut
9%
46Communauté d'agglomération du Caudrésis - Catésis
9%
15Communauté de communes du Pays solesmois
9%
08 (dont 04 dans le Pas-de-Calais)Communauté de communes Flandre Lys
9%

Distribution des résultats

Percentile par nombre de réponses

% des personnes avec chaque résultat

Votre développement - résultats

Vous n’avez pas pris ce quiz